| 000 | 00664nac a22001811u 4500 | ||
|---|---|---|---|
| 008 | 100907s2002 ii |||||r|||| 00| 0 eng d | ||
| 020 | _a8176351865 | ||
| 082 | 0 | 0 |
_a005.73 _bROB _222 |
| 100 |
_aLafore, Robert _918685 |
||
| 245 | 1 | 0 |
_aData structures & algorithms in Java / _cRobert Lafore. |
| 260 |
_aNew Delhi : _bTechmedia, _c2002. |
||
| 300 |
_a617 p. : _bill. ; _c24 cm.+ _e1 computer laser optical disc (4 3/4 in.) |
||
| 650 | 0 |
_aData structures (Computer science) _918686 |
|
| 650 | 0 |
_aComputer algorithms. _918687 |
|
| 650 | 0 |
_aJava (Computer program language) _918688 |
|
| 700 | 1 |
_aLafore, Robert _q(Robert W.) _918689 |
|
| 942 |
_cBB _k005.73L167 _2ddc |
||
| 999 |
_c524 _d524 |
||